<?xml version="1.0" encoding="UTF-8"?>
<collection xmlns="http://www.loc.gov/MARC21/slim">
 <record>
  <leader>03050cam a2200565   4500</leader>
  <controlfield tag="001">1602436711</controlfield>
  <controlfield tag="003">DE-627</controlfield>
  <controlfield tag="005">20240329193800.0</controlfield>
  <controlfield tag="007">tu</controlfield>
  <controlfield tag="008">850101s1974    xx |||||      00| ||ger c</controlfield>
  <datafield tag="020" ind1=" " ind2=" ">
   <subfield code="a">3525823630</subfield>
   <subfield code="9">3-525-82363-0</subfield>
  </datafield>
  <datafield tag="035" ind1=" " ind2=" ">
   <subfield code="a">(DE-627)1602436711</subfield>
  </datafield>
  <datafield tag="035" ind1=" " ind2=" ">
   <subfield code="a">(DE-576)003961206</subfield>
  </datafield>
  <datafield tag="035" ind1=" " ind2=" ">
   <subfield code="a">(DE-599)BSZ003961206</subfield>
  </datafield>
  <datafield tag="035" ind1=" " ind2=" ">
   <subfield code="a">(OCoLC)01083935</subfield>
  </datafield>
  <datafield tag="035" ind1=" " ind2=" ">
   <subfield code="a">(OCoLC)878452533</subfield>
  </datafield>
  <datafield tag="035" ind1=" " ind2=" ">
   <subfield code="a">(DE-604)8019737645</subfield>
  </datafield>
  <datafield tag="040" ind1=" " ind2=" ">
   <subfield code="a">DE-627</subfield>
   <subfield code="b">ger</subfield>
   <subfield code="c">DE-627</subfield>
   <subfield code="e">rakwb</subfield>
  </datafield>
  <datafield tag="041" ind1=" " ind2=" ">
   <subfield code="a">ger</subfield>
  </datafield>
  <datafield tag="082" ind1="0" ind2=" ">
   <subfield code="a">726.46</subfield>
  </datafield>
  <datafield tag="084" ind1=" " ind2=" ">
   <subfield code="a">9,10</subfield>
   <subfield code="2">ssgn</subfield>
  </datafield>
  <datafield tag="084" ind1=" " ind2=" ">
   <subfield code="a">NO 4300</subfield>
   <subfield code="2">rvk</subfield>
   <subfield code="0">(DE-625)rvk/127239:</subfield>
  </datafield>
  <datafield tag="084" ind1=" " ind2=" ">
   <subfield code="a">LM 52199</subfield>
   <subfield code="2">rvk</subfield>
   <subfield code="0">(DE-625)rvk/101195:13320</subfield>
  </datafield>
  <datafield tag="084" ind1=" " ind2=" ">
   <subfield code="a">15.35</subfield>
   <subfield code="2">bkl</subfield>
  </datafield>
  <datafield tag="100" ind1="1" ind2=" ">
   <subfield code="a">Gaehtgens, Thomas W.</subfield>
   <subfield code="d">1940-</subfield>
   <subfield code="0">(DE-588)120143720</subfield>
   <subfield code="0">(DE-627)080475825</subfield>
   <subfield code="0">(DE-576)161045715</subfield>
   <subfield code="4">aut</subfield>
  </datafield>
  <datafield tag="245" ind1="1" ind2="0">
   <subfield code="a">Napoleons Arc de Triomphe</subfield>
   <subfield code="c">von Thomas W. Gaehtgens</subfield>
  </datafield>
  <datafield tag="264" ind1=" " ind2="1">
   <subfield code="a">Göttingen</subfield>
   <subfield code="b">Vandenhoeck &amp; Ruprecht</subfield>
   <subfield code="c">1974</subfield>
  </datafield>
  <datafield tag="300" ind1=" " ind2=" ">
   <subfield code="a">83 S., 56 Taf.</subfield>
  </datafield>
  <datafield tag="336" ind1=" " ind2=" ">
   <subfield code="a">Text</subfield>
   <subfield code="b">txt</subfield>
   <subfield code="2">rdacontent</subfield>
  </datafield>
  <datafield tag="337" ind1=" " ind2=" ">
   <subfield code="a">ohne Hilfsmittel zu benutzen</subfield>
   <subfield code="b">n</subfield>
   <subfield code="2">rdamedia</subfield>
  </datafield>
  <datafield tag="338" ind1=" " ind2=" ">
   <subfield code="a">Band</subfield>
   <subfield code="b">nc</subfield>
   <subfield code="2">rdacarrier</subfield>
  </datafield>
  <datafield tag="490" ind1="1" ind2=" ">
   <subfield code="a">Abhandlungen der Akademie der Wissenschaften zu Göttingen, Philologisch-Historische Klasse</subfield>
   <subfield code="v">Folge 3, 90</subfield>
  </datafield>
  <datafield tag="583" ind1="1" ind2=" ">
   <subfield code="a">Archivierung/Langzeitarchivierung gewährleistet</subfield>
   <subfield code="f">SSG</subfield>
   <subfield code="x">XA-DE-BW</subfield>
   <subfield code="2">pdager</subfield>
   <subfield code="5">DE-16</subfield>
  </datafield>
  <datafield tag="689" ind1="0" ind2="0">
   <subfield code="d">g</subfield>
   <subfield code="0">(DE-588)4605782-1</subfield>
   <subfield code="0">(DE-627)326271643</subfield>
   <subfield code="0">(DE-576)214187101</subfield>
   <subfield code="a">Arc de Triomphe</subfield>
   <subfield code="g">Paris</subfield>
   <subfield code="2">gnd</subfield>
  </datafield>
  <datafield tag="689" ind1="0" ind2="1">
   <subfield code="d">s</subfield>
   <subfield code="0">(DE-588)4046235-3</subfield>
   <subfield code="0">(DE-627)104798963</subfield>
   <subfield code="0">(DE-576)209068698</subfield>
   <subfield code="a">Planung</subfield>
   <subfield code="2">gnd</subfield>
  </datafield>
  <datafield tag="689" ind1="0" ind2="2">
   <subfield code="d">s</subfield>
   <subfield code="0">(DE-588)4002851-3</subfield>
   <subfield code="0">(DE-627)104280352</subfield>
   <subfield code="0">(DE-576)208848975</subfield>
   <subfield code="a">Architektur</subfield>
   <subfield code="2">gnd</subfield>
  </datafield>
  <datafield tag="689" ind1="0" ind2="3">
   <subfield code="a">z</subfield>
   <subfield code="2">gnd</subfield>
   <subfield code="a">Geschichte</subfield>
  </datafield>
  <datafield tag="689" ind1="0" ind2=" ">
   <subfield code="5">(DE-627)</subfield>
  </datafield>
  <datafield tag="787" ind1="0" ind2="8">
   <subfield code="i">Rezensiert in</subfield>
   <subfield code="a">Hammer, Karl, 1918 - 1987</subfield>
   <subfield code="t">[Rezension von: Thomas W. Gaehtgens, Napoleons Arc de Triomphe]</subfield>
   <subfield code="d">München : Artemis Verlag, 1977</subfield>
   <subfield code="w">(DE-627)1577941799</subfield>
   <subfield code="w">(DE-576)507941799</subfield>
  </datafield>
  <datafield tag="810" ind1="2" ind2=" ">
   <subfield code="a">Akademie der Wissenschaften in Göttingen</subfield>
   <subfield code="b">Philologisch-Historische Klasse</subfield>
   <subfield code="t">Abhandlungen der Akademie der Wissenschaften zu Göttingen, Philologisch-Historische Klasse</subfield>
   <subfield code="v">Folge 3, 90</subfield>
   <subfield code="9">3090</subfield>
   <subfield code="w">(DE-627)129608599</subfield>
   <subfield code="w">(DE-576)015103463</subfield>
   <subfield code="w">(DE-600)242606-7</subfield>
   <subfield code="x">0930-4304</subfield>
   <subfield code="7">ns</subfield>
  </datafield>
  <datafield tag="936" ind1="r" ind2="v">
   <subfield code="a">NO 4300</subfield>
   <subfield code="b">Quellen, Werke, Briefe etc.</subfield>
   <subfield code="k">Geschichte</subfield>
   <subfield code="k">Zeitalter der Amerikanischen und Französischen Revolution sowie Napoleons (bis 1815)</subfield>
   <subfield code="k">Zeitalter Napoleons (1799 - 1815)</subfield>
   <subfield code="k">Napoleon</subfield>
   <subfield code="k">Quellen, Werke, Briefe etc.</subfield>
   <subfield code="0">(DE-627)1271467720</subfield>
   <subfield code="0">(DE-625)rvk/127239:</subfield>
   <subfield code="0">(DE-576)201467720</subfield>
  </datafield>
  <datafield tag="936" ind1="r" ind2="v">
   <subfield code="a">LM 52199</subfield>
   <subfield code="b">Denkmäler, Brunnen</subfield>
   <subfield code="k">Kunstgeschichte</subfield>
   <subfield code="k">Kunst nach Ländern bzw. Kontinenten</subfield>
   <subfield code="k">Frankreich</subfield>
   <subfield code="k">Kunsttopografie Frankreichs</subfield>
   <subfield code="k">Alphabetische Liste der französischen Orte</subfield>
   <subfield code="k">Orte P</subfield>
   <subfield code="k">Paris</subfield>
   <subfield code="k">Denkmäler, Brunnen</subfield>
   <subfield code="0">(DE-627)1271979608</subfield>
   <subfield code="0">(DE-625)rvk/101195:13320</subfield>
   <subfield code="0">(DE-576)201979608</subfield>
  </datafield>
  <datafield tag="936" ind1="b" ind2="k">
   <subfield code="a">15.35</subfield>
   <subfield code="j">Europäische Geschichte 1789-1815</subfield>
   <subfield code="q">coli-conc RVK-&gt;BK</subfield>
   <subfield code="q">https://coli-conc.gbv.de/api/mappings/22f489af-9d6c-4d2b-9d67-3cd2b18b08b6</subfield>
   <subfield code="0">(DE-627)181570963</subfield>
  </datafield>
  <datafield tag="951" ind1=" " ind2=" ">
   <subfield code="a">BO</subfield>
  </datafield>
  <datafield tag="990" ind1=" " ind2=" ">
   <subfield code="a">Arc de Triomphe</subfield>
  </datafield>
  <datafield tag="990" ind1=" " ind2=" ">
   <subfield code="a">Planung</subfield>
  </datafield>
  <datafield tag="990" ind1=" " ind2=" ">
   <subfield code="a">Architektur</subfield>
  </datafield>
  <datafield tag="990" ind1=" " ind2=" ">
   <subfield code="a">Geschichte</subfield>
  </datafield>
  <datafield tag="991" ind1=" " ind2=" ">
   <subfield code="a">Rezensiertes Werk</subfield>
  </datafield>
  <datafield tag="999" ind1=" " ind2=" ">
   <subfield code="a">KXP-PPN1602436711</subfield>
   <subfield code="e">4485771083</subfield>
  </datafield>
 </record>
</collection>
